Old Name of Countries #2 - Statistics

General Stats
  • This quiz has been taken 69 times
  • The average score is 10 of 15
Answer Stats
Old Name Current Name % Correct
Italia Italy
98%
Burma Myanmar
95%
Great Britain United Kingdom
95%
Siam Thailand
93%
Hispania Spain
92%
Mesopotamia Iraq
87%
Tanganyika & Zanzibar Tanzania
87%
Gaul France
73%
Río de la Plata Argentina
67%
Nubia Sudan
58%
Goryeo South Korea
40%
New Granada Colombia
28%
Lechia Poland
20%
Numidia Algeria
17%
Kirinyaga Kenya
13%
No matching quizzes found
Score Distribution
Percent of People with Each Score
Percentile by Number Answered
Your Score History
You have not taken this quiz